Statistics for Number of US Electoral Vote Quiz

Click here to take the quiz!

General Stats

  • This quiz has been taken 58 times
  • The average score is 42 of 51

Answer Stats

StateElectoral Votes% Correct
Alaska3
100%
Arizona11
97%
Alabama9
92%
Arkansas6
92%
Washington D.C.3
92%
California55
89%
Colorado9
89%
Montana3
89%
Deleware3
89%
Georgia16
89%
Hawaii4
89%
Maine4
89%
Louisiana8
87%
Michigan16
87%
Massachusetts11
87%
Maryland10
87%
Kentucky8
87%
Connecticut7
87%
Idaho4
87%
Florida29
84%
New Hampshire4
84%
Nevada6
84%
Kansas6
84%
North Dakota3
84%
Mississippi6
84%
Minnesota10
84%
Illinois20
84%
Indiana11
84%
Iowa6
84%
Nebraska5
82%
New Jersey14
82%
New York29
82%
North Carolina15
82%
South Dakota3
79%
Oklahoma7
79%
Missouri10
79%
Ohio18
79%
New Mexico5
79%
Oregon7
76%
Pennsylvania20
76%
Rhode Island4
76%
South Carolina9
76%
Tennessee11
76%
Texas38
74%
Utah6
74%
Vermont3
74%
West Virginia5
74%
Virginia13
71%
Washington12
71%
Wyoming3
71%
Wisconsin10
68%

Score Distribution

Percentile by Number Answered

Percent of People with Each Score

Your Score History

You have not taken this quiz